LIBRARY ONLINE CATALOGUE

Wong's Essentials of pediatric Nursing (Record no. 15766)

MARC details
000 -LEADER
fixed length control field 00382nam a22001337a 4500
008 - FIXED-LENGTH DATA ELEMENTS--GENERAL INFORMATION
fixed length control field 160314b xxu||||| |||| 00| 0 eng d
020 ## - INTERNATIONAL STANDARD BOOK NUMBER
International Standard Book Number 0323084444
100 ## - MAIN ENTRY--PERSONAL NAME
Personal name Hockenberry J. Marily
245 ## - TITLE STATEMENT
Title Wong's Essentials of pediatric Nursing
250 ## - EDITION STATEMENT
Edition statement 9th Ed.
260 ## - PUBLICATION, DISTRIBUTION, ETC. (IMPRINT)
Place of publication, distribution, etc. U.S.A
Name of publisher, distributor, etc. Elsevier book aid international
Date of publication, distribution, etc. 2013
300 ## - PHYSICAL DESCRIPTION
Extent V,328p.
942 ## - ADDED ENTRY ELEMENTS (KOHA)
Source of classification or shelving scheme Library of Congress Classification
Koha item type General Collection
Call number prefix RJ245 .H63 2013 C.1
Holdings
Withdrawn status Lost status Source of classification or shelving scheme Not for loan Home library Current library Shelving location Date acquired Cost, normal purchase price Total Checkouts Total Renewals Full call number Barcode Date last seen Date last checked out Copy number Price effective from Koha item type
    Library of Congress Classification   Kabarak, Main Campus Kabarak, Main Campus General Stacks 14/03/2016 2.00 4 1 RJ245 .H63 2013 C.1 016555 28/10/2019 26/09/2019 c.1 14/03/2016 General Collection